000 00402nam a2200145Ia 4500
008 151213s9999 xx 000 0 und d
100 _aRichard W. Eliott
245 _aSamuel Tailor Coleridge: Selected Poems
_cRichard W. Eliott
260 _aNew York
_bMonarch Press
_c1965
300 _a3559 p.
650 _aEnglish Literature
650 _aLiterature
700 _aRichard W. Eliott
999 _c2362
_d2362